<?xml version="1.0" encoding="utf-8"?>
<?xml-stylesheet type='text/xsl' href='./oai2.xsl'?>
<OAI-PMH xmlns="http://www.openarchives.org/OAI/2.0/" xmlns:xsi="http://www.w3.org/2001/XMLSchema-instance" xsi:schemaLocation="http://www.openarchives.org/OAI/2.0/ http://www.openarchives.org/OAI/2.0/OAI-PMH.xsd">
  <responseDate>2026-06-07T17:34:46Z</responseDate>
  <request verb="GetRecord" metadataPrefix="marcxml" identifier="record_kuniweb_1308268">https://kulturerbe.niedersachsen.de/oai</request>
  <GetRecord>
    <record>
      <header>
        <identifier>record_kuniweb_1308268</identifier>
        <datestamp>2026-03-31T19:09:18Z</datestamp>
        <setSpec>slg0179</setSpec>
        <setSpec>slg0123</setSpec>
      </header>
      <metadata>
        <marc:record xmlns:marc="http://www.loc.gov/MARC21/slim" xsi:schemaLocation="http://www.loc.gov/MARC21/slim http://www.loc.gov/standards/marcxml/schema/MARC21slim.xsd">
          <marc:leader>12345nrm  22     uu 4500</marc:leader>
          <marc:controlfield tag="001">1308268</marc:controlfield>
          <marc:controlfield tag="003">http://kuniweb.gbv.de</marc:controlfield>
          <marc:controlfield tag="005">2025-09-30T12:07:58</marc:controlfield>
          <marc:controlfield tag="008">|           ||||||||||||||||||||||</marc:controlfield>
          <marc:datafield tag="245" ind1="1" ind2="0">
            <marc:subfield code="a">Versandkarton der Firma August Stukenbrok Einbeck</marc:subfield>
          </marc:datafield>
          <marc:datafield tag="720" ind1=" " ind2=" ">
            <marc:subfield code="a">Deutschland-Fahrrad-Werke August Stukenbrok &lt;Einbeck&gt;</marc:subfield>
          </marc:datafield>
          <marc:datafield tag="655" ind1=" " ind2="7">
            <marc:subfield code="a">Alltagskultur</marc:subfield>
          </marc:datafield>
          <marc:datafield tag="046" ind1=" " ind2=" ">
            <marc:subfield code="k">1900</marc:subfield>
            <marc:subfield code="k">ca. 1900 - ca. 1920</marc:subfield>
            <marc:subfield code="l">1920</marc:subfield>
          </marc:datafield>
          <marc:datafield tag="260" ind1=" " ind2=" ">
            <marc:subfield code="g">1900</marc:subfield>
            <marc:subfield code="g">1920</marc:subfield>
            <marc:subfield code="g">ca. 1900 - ca. 1920</marc:subfield>
          </marc:datafield>
          <marc:datafield tag="300" ind1=" " ind2=" ">
            <marc:subfield code="a">Länge: 48 cm
Breite: 19 cm
Höhe: 19,5 cm</marc:subfield>
          </marc:datafield>
          <marc:datafield tag="520" ind1=" " ind2=" ">
            <marc:subfield code="a">Deckel eines Versandkartons Größe 5, der Firma August Stukenbrok Einbeck. Geheftet. Auf den Langseiten Firmenlogo, auf den Schmalseiten Vignetten von Fahrrad und Nähmaschine. Deckel mit drei Aufklebern (Versand, Nachnahme und Hinweiszettel), mit handschriftlichem Zusatz. Die Verpackung diente dem Versand von zerbrechlichem Weihnachtsschmuck (vermutlich Glasanhänger u.ä.) (Stadtmuseum Einbeck)

Aufkleber/Etikett:
1. Versandaufkleber 69381 Einbeck August Stukenbrok Einbeck Erstes Fahrradhaus Deutschlands 2. Adressaufkleber/Nachnahme (firmeneigene Vorlage) 21 RM 12 Pf. Willi Meyer Denkershauserstraße 95 Holtensen Post Northeim (Hann) OPD Bswg Hnvr 3. Hinweiszettel Bitte nicht werfen Weihnachtsschmuck Fahrrad-Fabrik August Stukenbrok, Einbeck Ältestes und größtes Fahrradhaus Deutschlands (gedruckte Aufkleber mit handschriftlichen und maschinenschriftlichen Einträgen (auf der Oberseite))

Aufdruck:
Fahrradfabrik AUGUST STUKENBROK EINBECK Erstes Fahrradhaus Deutschlands (bds. auf den langen Seitenteilen, mit Vignette eines Mannes in sportlicher Kleidung mit Herrenrad)

Aufdruck:
1. eine Nähmaschine in rautenförmigem Rahmen und die Ziffer 5 2. ein Fahrrad in rautenförmigem Rahmen und die Ziffer 5 (in schwarzem Druck direkt auf dem Karton)

Gebrauchsort:
Einbeck (Northeim, Niedersachsen)</marc:subfield>
          </marc:datafield>
          <marc:datafield tag="650" ind1="1" ind2=" ">
            <marc:subfield code="a">Behältnis, Hülle &gt; Behältnis &gt; Karton</marc:subfield>
          </marc:datafield>
          <marc:datafield tag="650" ind1="1" ind2=" ">
            <marc:subfield code="a">Gebrauchsgegenstand</marc:subfield>
          </marc:datafield>
          <marc:datafield tag="773" ind1="0" ind2=" ">
            <marc:subfield code="t">Sammlung Verpackungen</marc:subfield>
          </marc:datafield>
          <marc:datafield tag="773" ind1="0" ind2=" ">
            <marc:subfield code="t">Sammlung Fahrradgeschichte</marc:subfield>
          </marc:datafield>
          <marc:datafield tag="852" ind1=" " ind2=" ">
            <marc:subfield code="a">Stadtmuseum Einbeck</marc:subfield>
          </marc:datafield>
          <marc:datafield tag="" ind1=" " ind2=" ">
            <marc:subfield code="a">Namensnennung - Weitergabe unter gleichen Bedingungen 4.0 International (CC BY-SA 4.0)</marc:subfield>
          </marc:datafield>
        </marc:record>
      </metadata>
    </record>
  </GetRecord>
</OAI-PMH>
